00735 2200277 4500001002100000005001500021008004100036020001800077035002500095041000800120082001000128090001000138100002100148245009500169250002700264260004200291300003500333500000800368650002100376990001000397990001000407990001000417990001000427990001000437990001000447INLIS00000000002036520130516061739 ind  a979-461-142-5 a0010-051300000020365 aind a303.4 a303.4 aDavid, C. Korten aMenuju Abad Ke 21 : Tindakan Sukarela dan Agenda Global/ penerjemah, Liliana, Tedjasudhana aEdisi : 3; Cetakan : 2 aJakartabYayasan Obor Indonesiac2002 axlii, 416 hlm. : ilus. ;21 cm. a383 aPerubahan Sosial a26104 a26106 a26105 a26106 a26104 a26105